Statistics for Name a Valid First-Level Subdivision for Every Country

Click here to take the quiz!

General Stats

  • This quiz has been taken 12,525 times
  • The average score is 102 of 196

Answers on the Map

Answers color-coded by a green-red scale on the quiz's map according to % correct below.
Loading ...
 

Answer Stats

Country# and type% Correct
United States50 states
3 insular areas
2 territories
1 district
✓ US
95%
Canada10 provinces
3 territories
✓ CA
91%
Myanmar7 states
7 regions
5 self-administered zones
1 self-administered division
1 union territory
✓ MM
91%
Australia6 states
3 internal territories
3 external territories
✓ AU
90%
United Kingdom11 territories
3 constituent countries
3 crown dependencies
1 province
✓ GB
89%
Mexico31 states
1 district
✓ MX
87%
China22 provinces
5 autonomous regions
4 municipalities
2 special regions
✓ CN
87%
Fiji14 provinces
1 dependency
✓ FJ
87%
Spain19 autonomous communities✓ ES
86%
Russia46 oblasts
22 republics
9 krais
4 autonomous okrugs
3 federal cities
1 autonomous oblast
✓ RU
86%
Denmark5 regions
2 constituent countries
✓ DK
85%
Turkey81 provinces✓ TR
85%
Germany16 states✓ DE
85%
India28 states
9 union territories
✓ IN
83%
Brazil26 states
1 district
✓ BR
83%
Kazakhstan14 regions
4 cities
✓ KZ
82%
Japan47 prefectures✓ JP
82%
Israel7 districts✓ IL
81%
Ireland31 councils✓ IE
81%
Saudi Arabia13 regions✓ SA
81%
Portugal18 districts
2 autonomous regions
✓ PT
80%
Philippines17 administrative regions
1 autonomous region
✓ PH
80%
Argentina23 provinces
1 autonomous city
✓ AR
79%
Italy20 regions✓ IT
78%
Ghana16 regions✓ GH
78%
Norway11 regions
1 territory
✓ NO
78%
Cuba15 provinces
1 special municipality
✓ CU
77%
Rwanda5 provinces✓ RW
77%
France18 regions
3 collectivities
3 territories
✓ FR
77%
Zambia10 provinces✓ ZM
77%
South Korea17 provinces✓ KR
76%
Sweden21 counties✓ SE
76%
Lebanon8 provinces✓ LB
76%
Sudan18 states✓ SD
76%
Greece13 regions
1 autonomous entity
✓ GR
75%
Ukraine24 regions
1 city
✓ UA
75%
Indonesia34 provinces✓ ID
75%
Cameroon10 regions✓ CM
75%
Sri Lanka9 provinces✓ LK
74%
Egypt27 provinces✓ EG
74%
Haiti10 departments✓ HT
74%
Sierra Leone4 provinces
1 area
✓ SL
74%
Chile16 regions✓ CL
74%
Peru24 departments
1 autonomous city
✓ PE
74%
North Macedonia80 municipalities✓ MK
73%
Algeria58 provinces✓ DZ
72%
Belgium3 regions✓ BE
72%
Dominican Republic31 provinces
1 district
✓ DO
72%
Bahrain4 provinces✓ BH
72%
Colombia32 departments
1 district
✓ CO
72%
Ecuador24 provinces✓ EC
71%
Iran31 provinces✓ IR
71%
Switzerland26 cantons✓ CH
71%
Austria9 states✓ AT
70%
Malta5 regions✓ MT
70%
Malawi3 regions✓ MW
69%
Iceland72 municipalities✓ IS
69%
New Zealand16 regions
2 free-association countries
1 dependent territory
1 territory
✓ NZ
69%
Jordan12 provinces✓ JO
69%
Burkina Faso13 regions✓ BF
69%
Pakistan4 provinces
3 territories
✓ PK
69%
Papua New Guinea20 provinces
1 autonomous region
1 district
✓ PG
69%
Thailand76 provinces
2 special administrative area
✓ TH
69%
Botswana17 districts✓ BW
69%
Tunisia24 provinces✓ TN
68%
North Korea9 provinces
4 special cities
✓ KP
68%
Czech Republic14 regions✓ CZ
67%
Vietnam58 provinces
5 municipalities
✓ VN
67%
Iraq19 provinces✓ IQ
67%
Uruguay19 departments✓ UY
67%
Morocco12 regions✓ MA
67%
United Arab Emirates7 emirates✓ AE
67%
Gambia5 regions
1 city
✓ GM
66%
Mongolia21 provinces
1 municipalities
✓ MN
66%
Nigeria36 states
1 territory
✓ NG
65%
Solomon Islands9 provinces
1 territory
✓ SB
65%
Romania41 counties
1 municipality
✓ RO
65%
Panama10 provinces
4 indigenous regions
✓ PA
65%
El Salvador14 departments✓ SV
65%
Eritrea6 regions✓ ER
65%
Belarus6 regions
1 city
✓ BY
65%
Latvia119 municipalities✓ LV
64%
Honduras18 departments✓ HN
64%
Estonia15 counties✓ EE
64%
Hungary20 counties✓ HU
64%
Afghanistan34 provinces✓ AF
64%
Togo5 regions✓ TG
62%
Libya22 districts✓ LY
62%
Croatia20 counties
1 city
✓ HR
62%
Bolivia9 departments✓ BO
62%
Bulgaria28 provinces✓ BG
62%
Serbia24 districts
1 city
✓ RS
61%
Syria14 provinces✓ SY
60%
Ethiopia10 regions
2 cities
✓ ET
60%
Malaysia13 states
3 federal territories
✓ MY
60%
Madagascar22 provinces✓ MG
59%
Democratic Republic
of the Congo
26 provinces✓ CD
57%
Kenya47 counties✓ KE
57%
Bahamas32 districts✓ BS
56%
Bangladesh8 divisions✓ BD
56%
Lithuania10 counties✓ LT
55%
Taiwan13 counties
6 special municipalities
3 cities
✓ TW
54%
Guatemala22 departments✓ GT
53%
Venezuela23 states
1 district
1 dependency
✓ VE
53%
Yemen21 provinces
1 municipality
✓ YE
52%
Azerbaijan56 districts
12 cities
✓ AZ
52%
Slovakia8 regions✓ SK
52%
Jamaica14 parishes✓ JM
52%
Albania12 counties✓ AL
51%
Luxembourg12 cantons✓ LU
51%
Slovenia212 municipalities✓ SI
50%
Montenegro24 municipalities✓ ME
49%
Finland19 regions✓ FI
49%
Cambodia25 provinces✓ KH
49%
Tanzania31 regions✓ TZ
49%
Vatican City1 city✓ VA
49%
Georgia9 regions
2 autonomous republics
1 city
✓ GE
48%
Maldives19 atolls
2 cities
✓ MV
48%
Oman11 provinces✓ OM
47%
Senegal14 regions✓ SN
47%
Angola18 provinces✓ AO
47%
Paraguay17 departments
1 district
✓ PY
47%
Netherlands12 provinces
3 constituent countries
3 municipalities
✓ NL
46%
Moldova32 districts
3 municipalities
2 autonomous territories
✓ MD
45%
Armenia10 provinces
1 municipality
✓ AM
44%
Cyprus6 districts✓ CY
44%
Costa Rica7 provinces✓ CR
44%
Nicaragua15 departments
2 autonomous regions
✓ NI
44%
Turkmenistan5 regions
1 district
✓ TM
43%
Monaco9 wards✓ MC
43%
Laos17 provinces
1 prefecture
✓ LA
43%
Uzbekistan12 regions
1 autonomous republic
1 city
✓ UZ
43%
Liechtenstein11 municipalities✓ LI
42%
Djibouti6 regions✓ DJ
42%
Vanuatu6 provinces✓ VU
42%
Kosovo7 districts✓ XK
41%
Republic of the Congo12 departments✓ CG
41%
Mali11 regions✓ ML
40%
San Marino9 municipalities✓ SM
39%
Trinidad and Tobago9 regions
5 municipalities
1 island
✓ TT
38%
Marshall Islands24 municipalities✓ MH
37%
Kyrgyzstan7 regions
2 cities
✓ KG
37%
Chad23 regions✓ TD
37%
Cape Verde22 municipalities✓ CV
36%
Suriname10 districts✓ SR
36%
Belize6 districts✓ BZ
36%
Zimbabwe10 provinces✓ ZW
36%
Mozambique10 provinces
1 city
✓ MZ
36%
Bhutan20 districts✓ BT
35%
Uganda135 districts✓ UG
35%
Andorra7 parishes✓ AD
35%
Guinea-Bissau8 regions
1 autonomous sector
✓ GW
33%
Antigua and
Barbuda
6 parishes
1 dependency
✓ AG
33%
Bosnia and
Herzegovina
2 political divisions
1 district
✓ BA
32%
Niger8 regions✓ NE
31%
Tajikistan4 regions
1 autonomous region
✓ TJ
31%
South Africa9 provinces✓ ZA
30%
Singapore5 councils✓ SG
30%
Poland16 provinces✓ PL
29%
East Timor13 municipalities✓ TL
27%
Barbados11 parishes✓ BB
27%
Central African
Republic
16 prefectures
1 autonomous commune
✓ CF
27%
Ivory Coast14 districts✓ CI
27%
Mauritania15 regions✓ MR
26%
São Tomé
and Príncipe
6 districts
1 autonomous region
✓ ST
26%
Guinea8 regions✓ GN
25%
Dominica10 parishes✓ DM
24%
Saint Vincent and
the Grenadines
6 parishes✓ VC
23%
Saint Kitts and Nevis2 islands✓ KN
23%
Grenada6 parishes
1 dependency
✓ GD
22%
Brunei4 districts✓ BN
20%
Burundi18 provinces✓ BI
20%
Lesotho10 districts✓ LS
19%
Kiribati24 councils✓ KI
18%
Nauru14 districts✓ NR
17%
Tuvalu9 islands✓ TV
14%
Saint Lucia10 districts✓ LC
12%
Mauritius4 islands✓ MU
11%
Somalia18 regions✓ SO
8%
Nepal7 provinces✓ NP
7%
Samoa11 districts✓ WS
6%
Palau16 states✓ PW
6%
Benin12 departments✓ BJ
5%
Namibia14 regions✓ NA
5%
Federated States
of Micronesia
4 states✓ FM
4%
Seychelles26 districts✓ SC
4%
Comoros3 islands✓ KM
4%
Liberia15 counties✓ LR
4%
Guyana10 governorates✓ GY
3%
Equatorial Guinea8 provinces✓ GQ
3%
Gabon9 provinces✓ GA
2%
Qatar8 municipalities✓ QA
2%
Eswatini4 regions✓ SZ
2%
Kuwait6 provinces✓ KW
2%
South Sudan10 states
2 administrative areas
✓ SS
2%
Tonga5 administrative divisions✓ TO
1%

Score Distribution

Percentile by Number Answered

Percent of People with Each Score

Your Score History

You have not taken this quiz